Liên quan cấu trúc - tác dụng và thiết kế phân tử bằng máy tính Quantative Structure - activity relationship and Computer-aided molecular design

Sách trình bày những kiến thức và phương pháp cơ bản bao gồm những lợi ích lẫn hạn chế của một số chương trình máy tính hỗ trợ cho việc thiết kế phân tử bằng máy tính

Na minha lista:
Detalhes bibliográficos
Autor principal: Đặng Văn Giáp
Formato: Livro
Idioma:Undetermined
Publicado em: Hà Nội Giáo Dục 1998
Assuntos:
Tags: Adicionar Tag
Sem tags, seja o primeiro a adicionar uma tag!
Thư viện lưu trữ: Trung tâm Học liệu Trường Đại học Cần Thơ
LEADER 00931nam a2200193Ia 4500
001 CTU_27000
008 210402s9999 xx 000 0 und d
082 |a 540.0285 
082 |b Gi109 
100 |a Đặng Văn Giáp 
245 0 |a Liên quan cấu trúc - tác dụng và thiết kế phân tử bằng máy tính 
245 0 |b Quantative Structure - activity relationship and Computer-aided molecular design 
245 0 |c Đặng Văn Giáp 
260 |a Hà Nội 
260 |b Giáo Dục 
260 |c 1998 
520 |a Sách trình bày những kiến thức và phương pháp cơ bản bao gồm những lợi ích lẫn hạn chế của một số chương trình máy tính hỗ trợ cho việc thiết kế phân tử bằng máy tính 
650 |a cad system,camd system 
980 |a Trung tâm Học liệu Trường Đại học Cần Thơ